[Event "16. Obert Int. Sant Martí 2014 Grupo B"]
[Site "Barcelona ESP"]
[Date "2014.07.21"]
[Round "9.12"]
[White "Delgado Camara, Luis Felix"]
[Black "Laszczak, Przemyslaw"]
[Result "1/2-1/2"]
[WhiteElo "2047"]
[BlackElo "1610"]
[PlyCount "103"]
[EventDate "2014.07.13"]
[EventType "swiss"]
[EventRounds "9"]
[EventCountry "ESP"]
[Source "lmi"]
[SourceDate "2014.07.13"]

1. e4 c6 2. d4 d5 3. f3 e6 4. Be3 Qb6 5. Qc1 Nf6 6. Bd3 c5 7. c3 Nc6 8. Ne2
cxd4 9. cxd4 Nb4 10. Bc2 Nxc2+ 11. Qxc2 Bb4+ 12. Nbc3 O-O 13. e5 Nd7 14. O-O
Nxe5 15. Na4 Qc6 16. Nac3 Nc4 17. Bf2 Bd7 18. Rac1 Rac8 19. h4 f5 20. Nf4 Nxb2
21. Qxb2 Bxc3 22. Qe2 Qd6 23. Qe3 Bb4 24. Bg3 Rxc1 25. Rxc1 Rc8 26. Rb1 a5 27.
a3 Bxa3 28. Nh5 Qf8 29. Rxb7 Bc1 30. Qe5 Qf7 31. Qd6 Be3+ 32. Kh2 Rd8 33. Qc7
Qe7 34. Kh3 Kf7 35. Qe5 Bh6 36. Bf4 Kg6 37. Bxh6 gxh6 38. g4 fxg4+ 39. fxg4
Qa3+ 40. Ng3 Qe7 41. Nf5 Qa3+ 42. Ne3 Kf7 43. g5 hxg5 44. hxg5 Qe7 45. Ng4 Qa3+
46. Kh4 Qf3 47. Nh6+ Kg6 48. Rxd7 Qf2+ 49. Kh3 Qf1+ 50. Kh4 Qh1+ 51. Kg3 Qg1+
52. Kh3 1/2-1/2

[Event "16. Obert Int. Sant Martí 2014 Grupo B"]
[Site "Barcelona ESP"]
[Date "2014.07.21"]
[Round "9.13"]
[White "Minhaz, Rashed"]
[Black "Ferres Saez, Joan"]
[Result "0-1"]
[WhiteElo "2086"]
[BlackElo "1965"]
[PlyCount "92"]
[EventDate "2014.07.13"]
[EventType "swiss"]
[EventRounds "9"]
[EventCountry "ESP"]
[Source "lmi"]
[SourceDate "2014.07.13"]

1. e4 g6 2. d4 Bg7 3. c4 c5 4. d5 d6 5. Nd2 Nf6 6. a3 Qa5 7. Qc2 Na6 8. Be2 O-O
9. Ngf3 Nb4 10. Qb1 Na6 11. O-O e6 12. b3 Nh5 13. Bb2 Nf4 14. Re1 Bxb2 15. Qxb2
e5 16. g3 Nxe2+ 17. Rxe2 Bg4 18. Kg2 Qd8 19. h3 Bd7 20. b4 Qc8 21. Ng1 b5 22.
Re3 f5 23. Rc3 Rb8 24. bxc5 Nxc5 25. cxb5 Rxb5 26. Qc2 Qb8 27. exf5 Bxf5 28.
Qd1 Rb2 29. Nc4 Be4+ 30. Nf3 Rb3 31. Rac1 Rxc3 32. Rxc3 Rf6 33. Kg1 Qf8 34. Ng5
Rxf2 35. Nxe4 Nxe4 36. Re3 Ng5 37. h4 Nh3+ 38. Kh1 Rf1+ 39. Qxf1 Qxf1+ 40. Kh2
Nf2 41. g4 Qxc4 42. Rg3 Nxg4+ 43. Kh3 Nf2+ 44. Kg2 Ne4 45. Rg4 Qe2+ 46. Kh3
Nf2+ 0-1

[Event "16. Obert Int. Sant Martí 2014 Grupo B"]
[Site "Barcelona ESP"]
[Date "2014.07.21"]
[Round "9.14"]
[White "Baltasar Diaz, Vicente"]
[Black "Fuertes Buisac, Bernat"]
[Result "0-1"]
[WhiteElo "1932"]
[BlackElo "2082"]
[PlyCount "80"]
[EventDate "2014.07.13"]
[EventType "swiss"]
[EventRounds "9"]
[EventCountry "ESP"]
[Source "lmi"]
[SourceDate "2014.07.13"]

1. e4 c5 2. Nf3 g6 3. d4 cxd4 4. Nxd4 Nc6 5. Nc3 Bg7 6. Be3 Nf6 7. Bc4 Qa5 8.
f3 Qb4 9. Bb3 Nxe4 10. Nxc6 Bxc3+ 11. bxc3 Qxc3+ 12. Ke2 dxc6 13. Bd4 e5 14.
Bxc3 Nxc3+ 15. Kf2 Nxd1+ 16. Raxd1 O-O 17. Rhe1 Re8 18. Re3 Kg7 19. Rde1 f6 20.
f4 Bd7 21. fxe5 Rxe5 22. Rxe5 fxe5 23. Rxe5 Re8 24. Rxe8 Bxe8 25. Ke3 Bf7 26.
Kd4 Bxb3 27. cxb3 Kf6 28. Kc5 Ke6 29. b4 Kd7 30. a4 b6+ 31. Kc4 Ke6 32. Kd4 Kf5
33. a5 h5 34. a6 Ke6 35. g3 Kd6 36. h3 g5 37. Kc4 c5 38. bxc5+ bxc5 39. Kd3 Kc6
40. Kc3 Kb5 0-1

[Event "16. Obert Int. Sant Martí 2014 Grupo B"]
[Site "Barcelona ESP"]
[Date "2014.07.21"]
[Round "9.15"]
[White "Aprea, Daniele"]
[Black "Martinez Ferrer, Rafael"]
[Result "1-0"]
[WhiteElo "2077"]
[BlackElo "1931"]
[PlyCount "85"]
[EventDate "2014.07.13"]
[EventType "swiss"]
[EventRounds "9"]
[EventCountry "ESP"]
[Source "lmi"]
[SourceDate "2014.07.13"]

1. e4 e6 2. Nf3 Nf6 3. d3 d5 4. Nbd2 c5 5. g3 Nc6 6. Bg2 Be7 7. O-O O-O 8. Re1
Qb6 9. e5 Nd7 10. Nf1 f6 11. exf6 Nxf6 12. Bh3 Nd8 13. Ne3 Bd6 14. Ng2 Bc7 15.
Nf4 e5 16. Nxe5 Bxh3 17. Nxh3 Nf7 18. Nxf7 Rxf7 19. Ng5 Rd7 20. Re6 Rd6 21. Qe2
Rxe6 22. Qxe6+ Qxe6 23. Nxe6 Bb6 24. Bg5 Re8 25. Nf4 Ng4 26. Nxd5 Ba5 27. Be3
Re5 28. c4 Nxe3 29. fxe3 b5 30. b3 Kf7 31. Kf2 g5 32. g4 Ke6 33. Rf1 Bd8 34.
Ke2 h5 35. Rf8 Kd7 36. h3 hxg4 37. hxg4 a5 38. Rf5 Re6 39. cxb5 Rh6 40. b6 Kc6
41. e4 Rh2+ 42. Ke3 Rxa2 43. Rf8 1-0

[Event "16. Obert Int. Sant Martí 2014 Grupo B"]
[Site "Barcelona ESP"]
[Date "2014.07.21"]
[Round "9.16"]
[White "Collell Rodriguez, Victor"]
[Black "Corominas Garrido, Jordi"]
[Result "1-0"]
[WhiteElo "1911"]
[BlackElo "2077"]
[PlyCount "119"]
[EventDate "2014.07.13"]
[EventType "swiss"]
[EventRounds "9"]
[EventCountry "ESP"]
[Source "lmi"]
[SourceDate "2014.07.13"]

1. e4 e6 2. d3 d5 3. Nd2 Nf6 4. Ngf3 c5 5. g3 Nc6 6. Bg2 dxe4 7. dxe4 e5 8. O-O
Be7 9. c3 Qc7 10. Qe2 h6 11. Rd1 O-O 12. Nf1 Be6 13. h3 Rfd8 14. Rxd8+ Rxd8 15.
N3d2 a6 16. a4 Na5 17. Ne3 c4 18. Bf1 b5 19. axb5 axb5 20. b4 cxb3 21. Qxb5
Qxc3 22. Qxa5 Qxa5 23. Rxa5 Bb4 24. Nxb3 Bxa5 25. Nxa5 Ra8 26. Nc6 Nxe4 27.
Nxe5 Ra2 28. Nd3 f5 29. Bb2 Kf8 30. Be5 g5 31. Bg2 Ke7 32. h4 Rd2 33. Bxe4 fxe4
34. Nc5 gxh4 35. Nxe4 Ra2 36. Bf6+ Kf7 37. Bxh4 Bd7 38. Nc4 Ke6 39. Nc5+ Kd5
40. Nxd7 Kxc4 41. Kg2 Kd5 42. Nf6+ Ke6 43. Ng4 h5 44. Ne3 Ra4 45. Bg5 Ra2 46.
Bf4 Ra4 47. Kh3 Ra2 48. f3 Rf2 49. Kh4 Rxf3 50. Kxh5 Kf7 51. Ng4 Ke6 52. Kg5
Ra3 53. Ne5 Ra5 54. g4 Rd5 55. Kh6 Rd4 56. Bg3 Rd8 57. Kg7 Rd5 58. g5 Kf5 59.
g6 Rd6 60. Kh7 1-0

[Event "16. Obert Int. Sant Martí 2014 Grupo B"]
[Site "Barcelona ESP"]
[Date "2014.07.21"]
[Round "9.18"]
[White "Torrents Señal, Marc"]
[Black "Llopis Jordan, Lluis"]
[Result "1-0"]
[WhiteElo "1991"]
[BlackElo "1908"]
[PlyCount "57"]
[EventDate "2014.07.13"]
[EventType "swiss"]
[EventRounds "9"]
[EventCountry "ESP"]
[Source "lmi"]
[SourceDate "2014.07.13"]

1. e4 c6 2. d4 d5 3. Nc3 dxe4 4. Nxe4 Nd7 5. c4 Ngf6 6. Nc3 e6 7. Nf3 Bb4 8.
Qc2 O-O 9. Bd3 c5 10. a3 cxd4 11. axb4 dxc3 12. Qxc3 b6 13. O-O Bb7 14. Bc2 Qc7
15. b3 a6 16. Bb2 Qf4 17. Rad1 Bxf3 18. Rd4 Qg5 19. Qxf3 Ne5 20. Qh3 Ng6 21. f4
Qh5 22. Qxh5 Nxh5 23. g3 Rfd8 24. Rfd1 Rxd4 25. Rxd4 Kf8 26. Rd6 b5 27. Be4 Ra7
28. Bd4 Rc7 29. Bc5 1-0

[Event "16. Obert Int. Sant Martí 2014 Grupo B"]
[Site "Barcelona ESP"]
[Date "2014.07.21"]
[Round "9.19"]
[White "Peiron Lluch, Jose Daniel"]
[Black "Sanz Ogaya, Mario"]
[Result "1-0"]
[WhiteElo "1990"]
[BlackElo "1700"]
[PlyCount "121"]
[EventDate "2014.07.13"]
[EventType "swiss"]
[EventRounds "9"]
[EventCountry "ESP"]
[Source "lmi"]
[SourceDate "2014.07.13"]

1. e4 c5 2. Nc3 a6 3. f4 e6 4. Nf3 Qc7 5. d3 Nc6 6. Be3 d6 7. Be2 Nf6 8. d4
cxd4 9. Nxd4 Be7 10. O-O Nxd4 11. Bxd4 e5 12. Be3 exf4 13. Rxf4 O-O 14. Qe1 Be6
15. Rf1 d5 16. exd5 Nxd5 17. Nxd5 Bxd5 18. Bd3 Qc6 19. Qg3 Bf6 20. c4 Bxb2 21.
Rac1 Bxc4 22. Rxc4 Qd5 23. Rd1 Qh5 24. Rf1 Qd5 25. Be2 Rae8 26. Qf3 Qe5 27. Bc5
Qxe2 28. Qxe2 Rxe2 29. Bxf8 Kxf8 30. Rc8+ Re8 31. Rc7 Re7 32. Rc2 Bd4+ 33. Kh1
b6 34. Rd1 f6 35. g3 Bc5 36. Kg2 Kf7 37. Rd3 g5 38. Kf3 f5 39. Rd5 Re3+ 40. Kg2
Kf6 41. Rf2 Re5 42. Rxe5 Kxe5 43. Rd2 h5 44. Rd8 Kf6 45. Kf3 a5 46. Rh8 Kg6 47.
Ke2 f4 48. gxf4 gxf4 49. Kf3 Be3 50. Rg8+ Kf5 51. h4 Kf6 52. Rg5 Kf7 53. Rxh5
Kg6 54. Rd5 Kh6 55. Kg4 Kg6 56. Rd6+ Kf7 57. h5 Kg7 58. h6+ Kf7 59. Rd7+ Kg8
60. h7+ Kh8 61. Kg5 1-0

[Event "16. Obert Int. Sant Martí 2014 Grupo B"]
[Site "Barcelona ESP"]
[Date "2014.07.21"]
[Round "9.20"]
[White "Castaño Jimenez, Andreu"]
[Black "Olive Oller, Guim"]
[Result "1-0"]
[WhiteElo "1779"]
[BlackElo "1989"]
[PlyCount "67"]
[EventDate "2014.07.13"]
[EventType "swiss"]
[EventRounds "9"]
[EventCountry "ESP"]
[Source "lmi"]
[SourceDate "2014.07.13"]

1. e4 c5 2. Nf3 Nc6 3. d4 cxd4 4. Nxd4 d6 5. Nc3 Nf6 6. f3 g6 7. Be3 Bg7 8. Qd2
O-O 9. O-O-O a6 10. Be2 Na5 11. h4 h5 12. Rdg1 b5 13. g4 Bb7 14. gxh5 Nxh5 15.
f4 Rc8 16. Bxh5 Nc4 17. Qf2 Nxe3 18. Qxe3 Rxc3 19. bxc3 Qa5 20. f5 Rc8 21. fxg6
f5 22. Nxf5 Rxc3 23. Nxe7+ Kh8 24. Qa7 Rxc2+ 25. Kxc2 Bxe4+ 26. Kd1 Qa4+ 27.
Ke2 Qc2+ 28. Ke3 Bh6+ 29. Rg5 Qd3+ 30. Kf4 Bxg5+ 31. hxg5 Qd2+ 32. Kxe4 d5+ 33.
Nxd5 Qc2+ 34. Ke5 1-0

[Event "16. Obert Int. Sant Martí 2014 Grupo B"]
[Site "Barcelona ESP"]
[Date "2014.07.21"]
[Round "9.21"]
[White "Mamontova, Anastasia"]
[Black "Cano Sevila, Ivan"]
[Result "1-0"]
[WhiteElo "1858"]
[BlackElo "2039"]
[PlyCount "57"]
[EventDate "2014.07.13"]
[EventType "swiss"]
[EventRounds "9"]
[EventCountry "ESP"]
[Source "lmi"]
[SourceDate "2014.07.13"]

1. e4 d5 2. exd5 Qxd5 3. Nc3 Qd8 4. d4 c6 5. Nf3 Nf6 6. a3 Bf5 7. Bc4 e6 8. h3
h6 9. g4 Bh7 10. Ne5 Nbd7 11. Qe2 Nxe5 12. dxe5 Nd7 13. Bf4 Qc7 14. O-O-O O-O-O
15. Bg3 Be7 16. f4 Kb8 17. f5 exf5 18. gxf5 Ka8 19. Bxf7 Bg5+ 20. Kb1 Bxf5 21.
Qf2 Bh7 22. e6 Ne5 23. Rhe1 Bf6 24. Qh2 Rxd1+ 25. Nxd1 Rd8 26. Bxe5 Qa5 27. Nc3
Bg5 28. Bc7 Bxc2+ 29. Ka1 1-0

[Event "16. Obert Int. Sant Martí 2014 Grupo B"]
[Site "Barcelona ESP"]
[Date "2014.07.21"]
[Round "9.23"]
[White "Fernandez Martin, Javier"]
[Black "Brandt, Stefan"]
[Result "1/2-1/2"]
[WhiteElo "2058"]
[BlackElo "1889"]
[PlyCount "59"]
[EventDate "2014.07.13"]
[EventType "swiss"]
[EventRounds "9"]
[EventCountry "ESP"]
[Source "lmi"]
[SourceDate "2014.07.13"]

1. e4 d5 2. exd5 Qxd5 3. Nc3 Qa5 4. Bc4 Nf6 5. d3 c6 6. Bd2 Qc7 7. Qe2 Nbd7 8.
O-O-O e6 9. f4 b5 10. Bb3 Nc5 11. f5 Nxb3+ 12. axb3 Be7 13. g4 b4 14. Ne4 Nxe4
15. dxe4 e5 16. g5 a5 17. Nf3 Ba6 18. Qf2 O-O-O 19. Be3 Kb7 20. Rhg1 Bb5 21.
Nd2 Ra8 22. Bc5 Rhd8 23. f6 Bxc5 24. Qxc5 g6 25. Nc4 Bxc4 26. Qxc4 Rd4 27. Rxd4
exd4 28. Qxd4 Rd8 29. Qf2 Qe5 30. Qe3 1/2-1/2

[Event "16. Obert Int. Sant Martí 2014 Grupo B"]
[Site "Barcelona ESP"]
[Date "2014.07.21"]
[Round "9.24"]
[White "Riera Danes, Manel"]
[Black "Martin Sanchez, Antoni"]
[Result "1-0"]
[WhiteElo "2048"]
[BlackElo "1825"]
[PlyCount "39"]
[EventDate "2014.07.13"]
[EventType "swiss"]
[EventRounds "9"]
[EventCountry "ESP"]
[Source "lmi"]
[SourceDate "2014.07.13"]

1. e4 e6 2. d4 d5 3. Nd2 dxe4 4. Nxe4 Nf6 5. Bd3 Bd7 6. Nf3 Bc6 7. Ng3 Nbd7 8.
O-O Be7 9. Qe2 O-O 10. Rd1 h6 11. c4 Re8 12. Ne5 Nxe5 13. dxe5 Nd7 14. Be3 a6
15. a3 Qb8 16. f4 b5 17. cxb5 axb5 18. Rac1 Qb7 19. Rxc6 Qxc6 20. Be4 1-0

[Event "16. Obert Int. Sant Martí 2014 Grupo B"]
[Site "Barcelona ESP"]
[Date "2014.07.21"]
[Round "9.25"]
[White "Molina Hernandez, Albert"]
[Black "Sanchez Paz, Josep"]
[Result "1/2-1/2"]
[WhiteElo "2004"]
[BlackElo "1882"]
[PlyCount "124"]
[EventDate "2014.07.13"]
[EventType "swiss"]
[EventRounds "9"]
[EventCountry "ESP"]
[Source "lmi"]
[SourceDate "2014.07.13"]

1. e4 c5 2. Nf3 Nc6 3. d4 cxd4 4. Nxd4 Nf6 5. Nc3 e5 6. Nb3 Bb4 7. Bd3 d5 8.
exd5 Nxd5 9. Bd2 Nxc3 10. bxc3 Be7 11. O-O O-O 12. Re1 Qc7 13. Bc4 Bf5 14. Nc1
Rad8 15. Bb3 Bf6 16. Qe2 Na5 17. c4 Rd4 18. Be3 Rg4 19. Qf3 Bd7 20. Rb1 e4 21.
Qe2 Be5 22. g3 Nxb3 23. Rxb3 f5 24. Bxa7 Bc6 25. Bc5 Rf6 26. Nd3 exd3 27. Qxe5
Qxe5 28. Rxe5 Re4 29. Rxe4 fxe4 30. cxd3 exd3 31. Rxd3 Kf7 32. Kf1 Rf5 33. Be3
Ra5 34. Rd2 Ra4 35. c5 Bf3 36. Rd4 Rxd4 37. Bxd4 g6 38. Ke1 Ke6 39. Kd2 Kd5 40.
Ke3 Bd1 41. Kd3 Ba4 42. Be3 Bc6 43. Kc3 Bd7 44. Kb4 Kc6 45. Kc4 Be6+ 46. Kd4
Bxa2 47. Ke5 Kd7 48. Kf6 Bb1 49. g4 Bd3 50. Kg7 h5 51. gxh5 gxh5 52. h4 Ke6 53.
Kh6 Be2 54. Kg6 Bf3 55. Bf4 Kd5 56. Be3 Ke6 57. Kg5 Ke5 58. Bd2 Ke4 59. Bc3 Kd3
60. Ba5 Ke2 61. Bb6 Kxf2 62. c6+ Kg2 1/2-1/2

[Event "16. Obert Int. Sant Martí 2014 Grupo B"]
[Site "Barcelona ESP"]
[Date "2014.07.21"]
[Round "9.26"]
[White "Arroyo Morales, Jaime"]
[Black "Roig Ruiz, Carles"]
[Result "1-0"]
[WhiteElo "1923"]
[BlackElo "1997"]
[PlyCount "76"]
[EventDate "2014.07.13"]
[EventType "swiss"]
[EventRounds "9"]
[EventCountry "ESP"]
[Source "lmi"]
[SourceDate "2014.07.13"]

1. d4 g6 2. Bg5 Bg7 3. e3 d5 4. Nf3 Nf6 5. Bxf6 Bxf6 6. Bd3 O-O 7. O-O c5 8. c3
Nc6 9. dxc5 e5 10. Bb5 Ne7 11. Nbd2 Qc7 12. b4 Rd8 13. Nb3 Bg7 14. h3 f5 15.
Qc2 Rf8 16. c4 Kh8 17. cxd5 Nxd5 18. Qd2 Be6 19. Ng5 Bg8 20. e4 Nf4 21. exf5
Rxf5 22. Ne4 a6 23. Qd7 Rc8 24. Nd6 axb5 25. Qxc8 Qxc8 26. Nxc8 Bd5 27. Ne7
Bxg2 28. Nxf5 Bxf1 29. Nxg7 Bxh3 30. Ne8 Nd5 31. a3 Be6 32. Na5 Nf4 33. Nxb7
Ne2+ 34. Kf1 Nd4 35. Rd1 Bd5 36. Rxd4 exd4 37. Nbd6 h5 38. Nc7 h4 1-0

[Event "16. Obert Int. Sant Martí 2014 Grupo B"]
[Site "Barcelona ESP"]
[Date "2014.07.21"]
[Round "9.27"]
[White "Gama Corral, Carlos"]
[Black "Sobrevia Castellar, Lluis"]
[Result "0-1"]
[WhiteElo "1784"]
[BlackElo "1975"]
[PlyCount "76"]
[EventDate "2014.07.13"]
[EventType "swiss"]
[EventRounds "9"]
[EventCountry "ESP"]
[Source "lmi"]
[SourceDate "2014.07.13"]

1. e4 d6 2. d4 Nf6 3. Nc3 e6 4. Be3 b6 5. Be2 Bb7 6. f3 Be7 7. Nh3 Nbd7 8. Nf2
c5 9. Qd2 a6 10. Rd1 Qc7 11. O-O O-O 12. f4 Rad8 13. Bf3 Rfe8 14. g4 cxd4 15.
Bxd4 e5 16. Be3 exf4 17. Bxf4 Ne5 18. Bxe5 dxe5 19. Qe2 h6 20. Kh1 b5 21. Nd3
b4 22. Nb1 a5 23. Qf2 Bf8 24. Qg2 Qc4 25. b3 Qc7 26. Rde1 Rd4 27. Rf2 Red8 28.
Ree2 Ba6 29. Rd2 Bxd3 30. cxd3 Rxd3 31. h3 Bc5 32. Rc2 Qb6 33. Rfd2 Be3 34.
Rxd3 Rxd3 35. Qe2 Qd6 36. Kg2 Bf4 37. Kf1 Re3 38. Qg2 Qd3+ 0-1

[Event "16. Obert Int. Sant Martí 2014 Grupo B"]
[Site "Barcelona ESP"]
[Date "2014.07.21"]
[Round "9.28"]
[White "Torres Julian, Marc"]
[Black "Maltsev, Andrey"]
[Result "0-1"]
[WhiteElo "1959"]
[BlackElo "1867"]
[PlyCount "98"]
[EventDate "2014.07.13"]
[EventType "swiss"]
[EventRounds "9"]
[EventCountry "ESP"]
[Source "lmi"]
[SourceDate "2014.07.13"]

1. e4 c5 2. Nf3 d6 3. d4 cxd4 4. Nxd4 Nf6 5. Nc3 g6 6. Be3 Bg7 7. f3 O-O 8. Bc4
Nc6 9. Qd2 Bd7 10. O-O-O Rc8 11. Bb3 Ne5 12. Bh6 Nc4 13. Bxc4 Rxc4 14. Bxg7
Kxg7 15. h4 h5 16. Kb1 Qa5 17. Nb3 Qc7 18. g4 Rc8 19. gxh5 Nxh5 20. Nd5 Qd8 21.
c3 f5 22. Ne3 fxe4 23. Nxc4 Rxc4 24. fxe4 Rxe4 25. Rde1 Bf5 26. Ka1 Rf4 27.
Ref1 Rg4 28. Rhg1 Ng3 29. Rf3 Ne4 30. Qe3 Qb6 31. Qxb6 axb6 32. Rxg4 Bxg4 33.
Rf4 Bf5 34. Nd4 Kf6 35. Nxf5 gxf5 36. Rf1 e5 37. Re1 Ng3 38. Kb1 f4 39. Rg1 e4
40. Kc2 f3 41. Rxg3 f2 42. Rg8 Kf7 43. Rb8 f1=Q 44. Rxb7+ Ke6 45. Rb8 Qf2+ 46.
Kb3 Qxh4 47. Rxb6 e3 48. Rb8 e2 49. Re8+ Qe7 0-1

[Event "16. Obert Int. Sant Martí 2014 Grupo B"]
[Site "Barcelona ESP"]
[Date "2014.07.21"]
[Round "9.29"]
[White "Pallares Gurrea, Aitor Alexander"]
[Black "Poyato Duran, David"]
[Result "1-0"]
[WhiteElo "1956"]
[BlackElo "1878"]
[PlyCount "63"]
[EventDate "2014.07.13"]
[EventType "swiss"]
[EventRounds "9"]
[EventCountry "ESP"]
[Source "lmi"]
[SourceDate "2014.07.13"]

1. d4 d5 2. e3 Nf6 3. Bd3 e6 4. c3 c5 5. Nd2 Nc6 6. f4 cxd4 7. exd4 Bd6 8. Ndf3
O-O 9. Ne5 Bxe5 10. fxe5 Ne4 11. Nf3 f5 12. O-O Ne7 13. Ng5 Ng6 14. Qh5 Nxg5
15. Bxg5 Qb6 16. Qe2 Bd7 17. Rf3 h6 18. Be3 Nh8 19. Rg3 f4 20. Rxg7+ Kxg7 21.
Qg4+ Kf7 22. Bxf4 Rg8 23. Qh5+ Ke7 24. Qh4+ Ke8 25. Rb1 Bb5 26. Bh7 Rg7 27.
Qxh6 Rf7 28. Bg8 Bd3 29. Rd1 Qxb2 30. Bxf7+ Kxf7 31. Qf6+ Kg8 32. Bh6 1-0

[Event "16. Obert Int. Sant Martí 2014 Grupo B"]
[Site "Barcelona ESP"]
[Date "2014.07.21"]
[Round "9.30"]
[White "Riu Lopez, Sergi"]
[Black "Calafell Marques, Josep"]
[Result "1-0"]
[WhiteElo "1882"]
[BlackElo "1950"]
[PlyCount "83"]
[EventDate "2014.07.13"]
[EventType "swiss"]
[EventRounds "9"]
[EventCountry "ESP"]
[Source "lmi"]
[SourceDate "2014.07.13"]

1. e4 c5 2. Nf3 d6 3. d4 cxd4 4. Nxd4 Nf6 5. Nc3 a6 6. Be3 b5 7. f3 e6 8. Qd2
Bd7 9. Be2 b4 10. Nd1 e5 11. Nb3 Nc6 12. O-O a5 13. Bc4 Be7 14. c3 O-O 15. cxb4
axb4 16. Nf2 Qb8 17. Rfd1 Be6 18. Rac1 Na5 19. Nxa5 Rxa5 20. b3 Qa8 21. Bxe6
fxe6 22. Qxb4 Rb8 23. Qc4 d5 24. Qc7 Kf7 25. exd5 Nxd5 26. Qxe5 Nxe3 27. Qxe3
Rxa2 28. Qf4+ Kg8 29. Rc7 Bf6 30. Rdd7 Ra1+ 31. Nd1 Kh8 32. Qc4 Bd8 33. Qc3
Rxd1+ 34. Rxd1 Bxc7 35. Qxc7 h6 36. Qe7 Rxb3 37. Rd8+ Qxd8 38. Qxd8+ Kh7 39.
Qc8 Rb6 40. Kf2 Kg6 41. Qe8+ Kf6 42. Qd8+ 1-0

[Event "16. Obert Int. Sant Martí 2014 Grupo B"]
[Site "Barcelona ESP"]
[Date "2014.07.21"]
[Round "9.32"]
[White "Castellet Menchon, Didac"]
[Black "Muratet Carmona, Alexandra"]
[Result "1-0"]
[WhiteElo "2080"]
[BlackElo "1901"]
[PlyCount "67"]
[EventDate "2014.07.13"]
[EventType "swiss"]
[EventRounds "9"]
[EventCountry "ESP"]
[Source "lmi"]
[SourceDate "2014.07.13"]

1. e4 c5 2. Nf3 Nc6 3. d4 cxd4 4. Nxd4 g6 5. Nc3 Bg7 6. Nb3 Nf6 7. Be2 O-O 8.
O-O b6 9. Bg5 Bb7 10. f4 h6 11. Bh4 d6 12. Bf3 Qc8 13. Nd5 Rd8 14. Nxf6+ exf6
15. Bg4 Qc7 16. Bg3 Ne7 17. Re1 f5 18. exf5 gxf5 19. Bh4 Re8 20. Bh3 Be4 21. c3
Ng6 22. Bg3 d5 23. Nd4 Qd6 24. Bxf5 Nxf4 25. Bxe4 Rxe4 26. Rxe4 dxe4 27. Qg4
Kh8 28. Qxf4 Bxd4+ 29. cxd4 Qxd4+ 30. Bf2 Qxb2 31. Re1 Rc8 32. Qxe4 Qc2 33.
Bd4+ Kg8 34. Qg4+ 1-0

[Event "16. Obert Int. Sant Martí 2014 Grupo B"]
[Site "Barcelona ESP"]
[Date "2014.07.21"]
[Round "9.34"]
[White "Sanchez Viana, Jordi"]
[Black "Ayza Casamitjana, Antoni"]
[Result "1/2-1/2"]
[WhiteElo "1862"]
[BlackElo "2017"]
[PlyCount "41"]
[EventDate "2014.07.13"]
[EventType "swiss"]
[EventRounds "9"]
[EventCountry "ESP"]
[Source "lmi"]
[SourceDate "2014.07.13"]

1. e4 c5 2. Nf3 e6 3. d4 cxd4 4. Nxd4 Nf6 5. Bd3 Nc6 6. Nxc6 bxc6 7. Qe2 e5 8.
O-O Be7 9. Nd2 O-O 10. b3 d6 11. Bb2 Bg4 12. Nf3 Nh5 13. Bc1 h6 14. h3 Be6 15.
Nxe5 dxe5 16. Qxh5 Bf6 17. Bb2 Qc7 18. Rad1 Kh7 19. f4 g6 20. Qf3 Bg7 21. f5
1/2-1/2

[Event "16. Obert Int. Sant Martí 2014 Grupo B"]
[Site "Barcelona ESP"]
[Date "2014.07.21"]
[Round "9.35"]
[White "Valbuena Castro, Gregorio"]
[Black "Pascual Gonzalez-Novelles, Carles"]
[Result "0-1"]
[WhiteElo "1851"]
[BlackElo "2010"]
[PlyCount "46"]
[EventDate "2014.07.13"]
[EventType "swiss"]
[EventRounds "9"]
[EventCountry "ESP"]
[Source "lmi"]
[SourceDate "2014.07.13"]

1. e4 e6 2. d4 d5 3. e5 c5 4. c3 Nc6 5. Nf3 Qb6 6. Bd3 Bd7 7. O-O cxd4 8. cxd4
Nxd4 9. Nxd4 Qxd4 10. Nc3 Ne7 11. Nb5 Qxe5 12. Re1 Qb8 13. Qf3 Bxb5 14. Bxb5+
Nc6 15. Qxd5 Qd6 16. Qc4 a6 17. Bxa6 Rxa6 18. Bf4 Qb4 19. Rxe6+ fxe6 20. Qxe6+
Be7 21. Qc8+ Nd8 22. Be5 O-O 23. a3 Qc5 0-1

[Event "16. Obert Int. Sant Martí 2014 Grupo B"]
[Site "Barcelona ESP"]
[Date "2014.07.21"]
[Round "9.36"]
[White "Gonzalez Alonso, Marti"]
[Black "Poyato Ruiz, Fernando"]
[Result "0-1"]
[WhiteElo "1844"]
[BlackElo "1968"]
[PlyCount "110"]
[EventDate "2014.07.13"]
[EventType "swiss"]
[EventRounds "9"]
[EventCountry "ESP"]
[Source "lmi"]
[SourceDate "2014.07.13"]

1. e4 e6 2. d4 d5 3. exd5 exd5 4. Nf3 Bd6 5. Bd3 Ne7 6. O-O O-O 7. h3 c6 8. Nc3
Bf5 9. Re1 Bg6 10. Ne5 Bxe5 11. Rxe5 Nd7 12. Re1 Re8 13. Bg5 f6 14. Bxg6 Nxg6
15. Be3 f5 16. Ne2 Nf6 17. Nf4 Nxf4 18. Bxf4 Ne4 19. f3 Nf6 20. Qd3 Qd7 21. Re5
Rxe5 22. Bxe5 Qe6 23. Re1 Re8 24. Kf2 Nd7 25. Re3 g6 26. Qe2 Qf7 27. Bd6 Nf6
28. Be7 Ne4+ 29. fxe4 fxe4+ 30. Kg1 Qxe7 31. c3 b6 32. c4 Qf6 33. cxd5 cxd5 34.
Qd2 Qf4 35. Qe2 Rc8 36. g3 Rc1+ 37. Kg2 Qc7 38. Qb5 Qf7 39. Qe2 Qf6 40. Rc3
Rxc3 41. bxc3 Kf7 42. Qg4 Qf5 43. Qe2 Ke6 44. Qd1 h5 45. Qe2 Kd6 46. Qb2 Qf3+
47. Kh2 e3 48. Qa3+ Ke6 49. Qxa7 e2 50. Qxb6+ Kf5 51. g4+ Ke4 52. Qxg6+ Ke3 53.
Qg5+ Kf2 54. Qh4+ Kf1 55. Qg3 Qxg3+ 0-1

[Event "16. Obert Int. Sant Martí 2014 Grupo B"]
[Site "Barcelona ESP"]
[Date "2014.07.21"]
[Round "9.37"]
[White "Garcia Punzano, Josep Lluis"]
[Black "Gomez Guinovart, Josep Manel"]
[Result "0-1"]
[WhiteElo "1950"]
[BlackElo "1873"]
[PlyCount "100"]
[EventDate "2014.07.13"]
[EventType "swiss"]
[EventRounds "9"]
[EventCountry "ESP"]
[Source "lmi"]
[SourceDate "2014.07.13"]

1. d4 Nf6 2. Nf3 d5 3. Bf4 e6 4. e3 Nbd7 5. Bd3 Be7 6. Nbd2 O-O 7. Ne5 Re8 8.
Qf3 Bd6 9. Qh3 Nf8 10. Ndf3 Bxe5 11. Bxe5 N6d7 12. Bf4 Nf6 13. Ne5 c6 14. g4
N6d7 15. Nf3 f6 16. g5 e5 17. gxf6 Nxf6 18. Qg2 exf4 19. Rg1 g6 20. Ne5 fxe3
21. fxe3 Ne4 22. O-O-O Qc7 23. Rdf1 Rxe5 24. dxe5 Qxe5 25. Qf3 Be6 26. h4 Nd7
27. h5 g5 28. Bxe4 dxe4 29. Qd1 h6 30. Rf2 Qd5 31. Kb1 Qxa2+ 32. Kc1 Qa1+ 33.
Kd2 Qxb2 34. Rg3 Ne5 35. Ke1 Nf3+ 36. Rgxf3 exf3 37. Rd2 Bd5 38. e4 Qe5 39. Qb1
Qxe4+ 40. Kf1 b6 41. Qb2 Bc4+ 42. Kf2 Be2 43. Qa2+ Bc4 44. Qb2 g4 45. Rd4 Qe2+
46. Kg3 Qg2+ 47. Kf4 f2 48. Kf5 f1=Q+ 49. Kg6 Qf7+ 50. Kxh6 Qf6# 0-1

[Event "16. Obert Int. Sant Martí 2014 Grupo B"]
[Site "Barcelona ESP"]
[Date "2014.07.21"]
[Round "9.38"]
[White "Escofet Llongueras, Joan"]
[Black "Serentill Tost, Eduard"]
[Result "1-0"]
[WhiteElo "1947"]
[BlackElo "1854"]
[PlyCount "43"]
[EventDate "2014.07.13"]
[EventType "swiss"]
[EventRounds "9"]
[EventCountry "ESP"]
[Source "lmi"]
[SourceDate "2014.07.13"]

1. c4 Nf6 2. Nc3 g6 3. g3 Bg7 4. Bg2 d6 5. e4 e5 6. Nge2 Nbd7 7. O-O O-O 8. d4
c6 9. h3 Nb6 10. b3 Nh5 11. Be3 h6 12. Qd2 Kh7 13. Rad1 f5 14. dxe5 Bxe5 15. f4
Bxc3 16. Nxc3 Be6 17. Qxd6 Ng7 18. Qe5 Nd7 19. Qd6 Qa5 20. Bd4 Rad8 21. Bxg7
Kxg7 22. Qxe6 1-0